Hornet vs. wasp / (Record no. 3018)

MARC details
000 -LEADER
fixed length control field 01221cam a22003377i 4500
005 - DATE AND TIME OF LATEST TRANSACTION
control field 20241106154336.0
020 ## - INTERNATIONAL STANDARD BOOK NUMBER
International Standard Book Number 9780545451901
040 ## - CATALOGING SOURCE
Original cataloging agency BIB
Language of cataloging eng
Transcribing agency BIB
Description conventions rda
Modifying agency OCLCO
-- OCLCF
-- OQX
-- DLC
050 00 - LIBRARY OF CONGRESS CALL NUMBER
Classification number QL568.V5
Item number 2013
082 ## - DEWEY DECIMAL CLASSIFICATION NUMBER
Classification number 595.79
100 1# - MAIN ENTRY--PERSONAL NAME
Personal name Pallotta, Jerry
245 10 - TITLE STATEMENT
Title Hornet vs. wasp /
Statement of responsibility, etc. by Jerry Pallotta ; illustrated by Rob Bolster.
246 3# - VARYING FORM OF TITLE
Title proper/short title Hornet versus wasp
250 ## - EDITION STATEMENT
Edition statement First printing, September 2013
260 ## - PUBLICATION, DISTRIBUTION, ETC.
Place of publication, distribution, etc. New York :
Name of publisher, distributor, etc. Scholastic ,
Date of publication, distribution, etc. 2013
300 ## - PHYSICAL DESCRIPTION
Extent 32 pages :
Other physical details color illustrations ;
Dimensions 23 cm .
490 0# - SERIES STATEMENT
Series statement Who would win?
505 ## - FORMATTED CONTENTS NOTE
Formatted contents note N <br/>
520 ## - SUMMARY, ETC.
Summary, etc. Contains facts about the hornet and the wasp, comparing such aspects as their sizes and abilities, and what the outcome would be if they were to fight each other.
521 ## - TARGET AUDIENCE NOTE
Target audience note 570 <br/>
Source Lexile <br/>
521 ## - TARGET AUDIENCE NOTE
Target audience note N <br/>
Source Raz-Plus <br/>
650 #0 - SUBJECT ADDED ENTRY--TOPICAL TERM
Topical term or geographic name entry element Hornets
Form subdivision Juvenile literature.
650 #0 - SUBJECT ADDED ENTRY--TOPICAL TERM
Topical term or geographic name entry element Wasps
Form subdivision Juvenile literature.
650 #7 - SUBJECT ADDED ENTRY--TOPICAL TERM
Topical term or geographic name entry element Hornets.
Source of heading or term fast
Authority record control number or standard number (OCoLC)fst00960332
650 #7 - SUBJECT ADDED ENTRY--TOPICAL TERM
Topical term or geographic name entry element Wasps.
Source of heading or term fast
Authority record control number or standard number (OCoLC)fst01170952
655 #7 - INDEX TERM--GENRE/FORM
Genre/form data or focus term Juvenile works.
Source of term fast
Authority record control number or standard number (OCoLC)fst01411637
700 1# - ADDED ENTRY--PERSONAL NAME
Personal name Bolster, Rob,
Relator term illustrator
906 ## - LOCAL DATA ELEMENT F, LDF (RLIN)
a 7
b cbc
c copycat
d 2
e ncip
f 20
g y-gencatlg
942 ## - ADDED ENTRY ELEMENTS (KOHA)
Source of classification or shelving scheme Dewey Decimal Classification
Koha item type Books
Suppress in OPAC No
999 ## -
-- 3018
-- 3018
Holdings
Withdrawn status Lost status Source of classification or shelving scheme Damaged status Not for loan Collection Home library Current library Shelving location Date acquired Total Checkouts Full call number Barcode Date last seen Date last checked out Price effective from Koha item type Copy number
    Dewey Decimal Classification     Non-Fiction Footprints International School Library Network Toul Kork Campus Footprints International School Library Network Toul Kork Campus   01/30/2024 1 PAL 595.79 QL568.V5 FISTK00803 04/10/2025 02/05/2024 01/30/2024 Books  
    Dewey Decimal Classification     Non-Fiction Footprints International School Library Network Toul Kork Campus Footprints International School Library Network Toul Kork Campus TK Primary Library Room(4th Floor), Bookcase 3&4, Shelves 17-32, Yellow Books 11/06/2024   PAL 595.79 QL568.V5 2024-2295 11/06/2024   11/06/2024 Books 2